Statystyki dla Państwa afrykańskie z dostępem do morza/oceanu

Kliknij tutaj aby rozwiązać quiz!

Ogólne statystyki

  • Ten quiz został rozwiązany 47 razy
  • Średni wynik to 33 z 38

Statystyki odpowiedzi

Państwo% Poprawnych
Egipt
98%
Republika Południowej Afryki
95%
Angola
93%
Maroko
93%
Somalia
93%
Tanzania
93%
Algieria
91%
Demokratyczna Republika Konga
91%
Madagaskar
91%
Wybrzeże Kości Słoniowej
91%
Erytrea
89%
Gwinea
89%
Gwinea Równikowa
89%
Mozambik
89%
Nigeria
89%
Senegal
89%
Gabon
86%
Ghana
86%
Gwinea Bissau
86%
Kongo
86%
Libia
86%
Namibia
86%
Dżibuti
84%
Gambia
84%
Kamerun
84%
Kenia
84%
Liberia
84%
Tunezja
84%
Komory
82%
Mauretania
82%
Togo
82%
Benin
80%
Republika Zielonego Przylądka
80%
Seszele
80%
Sudan
80%
Mauritius
77%
Sierra Leone
73%
Wyspy Świętego Tomasza i Książęca
73%

Rozkład punktacji

Percentyl według liczby udzielonych odpowiedzi

Procent ludzi z każdym wynikiem

Twoja historia wyników

Nie rozwiązałeś tego quizu